000 00793nam a2200241Ia 4500
003 OSt
005 20220924113133.0
006 a|||||r|||| 00| 0
007 ta
008 220923b |||||||| |||| 00| 0 eng d
024 _a90719
037 _cDictionary
040 _aARTS
_cARTS
_beng
041 _2eng
_aeng
082 _aZ(P165)k, L9
100 _aAtayee M Ibrahim
_9169547
245 0 _aDictioary of the terminolgy of Pasthun's tribal customary law and usages translated by A Mohammad Shinwary and edited by A Jabar Nader
260 _aKabul Academy of sciences of Afghanistan,International Centre for Pashto Studies,1979
_c1979
300 _a119p.
_ccm.
650 _aLAW
_97240
942 _hZ(P165)k, L9
_cdic
_2cc
999 _c389346
_d389346